|
|
|
|
| LEADER |
01624nam a2200433Ia 4500 |
| 001 |
EBC280649 |
| 003 |
MiAaPQ |
| 005 |
20200520144314.0 |
| 006 |
m o d | |
| 007 |
cr cn||||||||| |
| 008 |
040218s2005 ne sbw 001 0 fre d |
| 020 |
|
|
|z 9004144358
|
| 020 |
|
|
|z 9004138250 (hard back)
|
| 035 |
|
|
|a (MiAaPQ)EBC280649
|
| 035 |
|
|
|a (Au-PeEL)EBL280649
|
| 035 |
|
|
|a (CaPaEBR)ebr10171745
|
| 035 |
|
|
|a (CaONFJC)MIL86824
|
| 035 |
|
|
|a (OCoLC)437175288
|
| 040 |
|
|
|a MiAaPQ
|c MiAaPQ
|d MiAaPQ
|
| 041 |
1 |
|
|a fre
|a eng
|h fre
|
| 050 |
|
4 |
|a K2400
|b .A54 2005
|
| 082 |
0 |
4 |
|a 347/.09
|2 22
|
| 245 |
0 |
3 |
|a La jurisprudence de l'OMC = The case-law of the WTO
|h [electronic resource] /
|c edited by Brigitte Stern, Helene Ruiz Fabri.
|
| 246 |
3 |
1 |
|a Case-law of the WTO, 1998-1/
|
| 260 |
|
|
|a Leiden ;
|a Boston :
|b Martinus Nijhoff,
|c c2005.
|
| 300 |
|
|
|a iv, 283 p.
|
| 504 |
|
|
|a Includes bibliographical references and index.
|
| 533 |
|
|
|a Electronic reproduction. Ann Arbor, MI : ProQuest, 2015. Available via World Wide Web. Access may be limited to ProQuest affiliated libraries.
|
| 610 |
2 |
0 |
|a World Trade Organization.
|
| 650 |
|
0 |
|a International commercial arbitration
|v Cases.
|
| 650 |
|
0 |
|a Arbitration agreements, Commercial
|v Cases.
|
| 650 |
|
0 |
|a Foreign trade regulation
|v Cases.
|
| 650 |
|
0 |
|a Tariff
|x Law and legislation
|v Cases.
|
| 650 |
|
0 |
|a Dispute resolution (Law)
|v Cases.
|
| 655 |
|
4 |
|a Electronic books.
|
| 700 |
1 |
|
|a Stern, Brigitte.
|
| 700 |
1 |
|
|a Ruiz Fabri, Helene.
|
| 710 |
2 |
|
|a ProQuest (Firm)
|
| 856 |
4 |
0 |
|u https://ebookcentral.proquest.com/lib/matrademy/detail.action?docID=280649
|z Click to View
|